Disney Franchises - Sudden Death - Statistics

General Stats
  • This quiz has been taken 3,794 times
    3,679 since last reset
  • The average score is 8 of 16
Answers on the Grid
Answers color-coded by a green-red scale on the quiz's grid according to % correct below.
Harry Potter
Frozen
Batman
Star Wars
Marvel Cinematic Universe
The Lord of the Rings
Toy Story
Pirates of the Caribbean
Cars
Game of Thrones
Avatar
The Simpsons
Fast & Furious
The Chronicles of Narnia
Kung Fu Panda
Pokémon
Shrek
James Bond
The Incredibles
Die Hard
The Hunger Games
The Lion King
Jurassic Park/World
Alien
The Muppets
Star Trek
Back to the Future
Indiana Jones
Aladdin
Looney Tunes
SpongeBob SquarePants
Barbie
 
Answer Stats
Answer % Correct
Frozen
93%
Pixar Studios franchise, a subsidiary of Walt Disney Studios Toy Story
77%
Pixar Studios franchise, a subsidiary of Walt Disney Studios Cars
75%
Lucasfilm franchise, a subsidiary of The Walt Disney Studios since 2012 😥 Star Wars
70%
Pirates of the Caribbean
69%
The Walt Disney Company acquired Marvel Studio in 2009, along with the rest of Marvel Marvel Cinematic Universe
63%
Disney media franchise which began with the 1994 American animated feature of the same name The Lion King
60%
Disney media franchise which began with the 1992 American animated feature of the same name Aladdin
57%
Pixar Studios franchise, a subsidiary of Walt Disney Studios The Incredibles
52%
20th Century Studios franchise, which is owned by the Walt Disney Studios since 2019 Avatar
36%
20th Century Studios franchise, which is owned by the Walt Disney Studios since 2019 The Simpsons
32%
Lucasfilm franchise, which is a subsidiary of The Walt Disney Studios since 2012 Indiana Jones
28%
The characters of the Muppets franchise were acquired by the Walt Disney Company in 2004 The Muppets
28%
Film series distributed by 20th Century Fox / Walt Disney Studios The Chronicles of Narnia
27%
20th Century Studios franchise, which is owned by the Walt Disney Studios since 2019 Alien
11%
20th Century Studios franchise, which is owned by the Walt Disney Studios since 2019 Die Hard
8%
No matching quizzes found
Score Distribution
Percent of People with Each Score
Percentile by Number Answered
Your Score History
You have not taken this quiz since the last reset